000 00311nam a2200133Ia 4500
008 191201s2013 xx 000 0 und d
082 _a005.133
_bKAE
100 _aKANETKAR, Yashwant
245 0 _aExploring C
250 _aRep
260 _c2013
_bBPB Publication
_aNEW DELHI
300 _a605
942 _2ddc
_cBK
999 _c7866
_d7866